UBT Library

Equine ER : (Record no. 47910)

000 -LEADER
fixed length control field 01012cam a2200313 a 4500
001 - CONTROL NUMBER
control field 15609998
005 - DATE AND TIME OF LATEST TRANSACTION
control field 20180918044401.0
008 - FIXED-LENGTH DATA ELEMENTS--GENERAL INFORMATION
fixed length control field 090203s2009 kyua 000 0 eng d
010 ## - LIBRARY OF CONGRESS CONTROL NUMBER
LC control number 2009922184
020 ## - INTERNATIONAL STANDARD BOOK NUMBER
International Standard Book Number 9781581502138 (pbk.)
020 ## - INTERNATIONAL STANDARD BOOK NUMBER
International Standard Book Number 1581502133 (pbk.)
035 ## - SYSTEM CONTROL NUMBER
System control number (OCoLC)ocn262430918
040 ## - CATALOGING SOURCE
Original cataloging agency BTCTA
Transcribing agency BTCTA
Modifying agency SPP
-- AGL
-- VP@
-- CUX
-- DLC
041 ## - LANGUAGE CODE
Language code of text/sound track or separate title eng
042 ## - AUTHENTICATION CODE
Authentication code lccopycat
043 ## - GEOGRAPHIC AREA CODE
Geographic area code n-us-ky
060 #4 - NATIONAL LIBRARY OF MEDICINE CALL NUMBER
Classification number SF 951
Item number G985e 2009
070 0# - NATIONAL AGRICULTURAL LIBRARY CALL NUMBER
Classification number SF745
Item number .G88 2009
080 ## - UNIVERSAL DECIMAL CLASSIFICATION NUMBER
Universal Decimal Classification number 61 GUT
082 ## - DEWEY DECIMAL CLASSIFICATION NUMBER
Classification number 61 GUT
100 1# - Rafti
Rafti 3
101 ## - Shkurtesa
Shkurtesa SHM
245 10 - TITLE STATEMENT
Title Equine ER :
Statement of responsibility, etc Leslie Guttman.
246 30 - VARYING FORM OF TITLE
Title proper/short title Stories from a year in the life of an equine veterinary hospital
906 ## - LOCAL DATA ELEMENT F, LDF (RLIN)
a 7
b cbc
c copycat
d 2
e ncip
f 20
g y-gencatlg
942 ## - ADDED ENTRY ELEMENTS (KOHA)
Source of classification or shelving scheme
Item type Books
Holdings
Withdrawn status Lost status Source of classification or shelving scheme Damaged status Not for loan Collection code Permanent location Current location Shelving location Date acquired Total Checkouts Full call number Barcode Date last seen Price effective from Koha item type
          Koleksioni i përgjithshem UBT - Lipjan UBT - Lipjan Koleksioni i përgjithshem 09/18/2018   61 GUT 002-3012764 09/18/2018 09/18/2018 Books
UBT Library © 2015-2024. All rights reserved University Education for Business and Technology